عرض عادي
عرض مارك
- Java (Computer program language)
مدخل مصطلح موضوعي
001 - رقم الضبط
- حقل الضبط: 49587
003 - معرف رقم الضبط
- حقل الضبط: OSt
005 - تاريخ ووقت أخر عملية
- حقل الضبط: 20150728040717.0
008 - عناصر بيانات ثابتة الطول
- حقل تحكم ثابت الطول: 150728|| aca||aabn | a|a d
040 ## - مصدر الفهرسة
- هيئة الفهرسة الأصلية: OSt
- وكالة الكتابة: OSt
150 ## - مدخل-- مصطلح تاريخي
- عنصر مدخل المصطلح الموضوعي او الاسم الجغرافي: Java (Computer program language)
670 ## - بيانات المصدر موجوده
- الاستشهاد بالمصدر: Work cat.: (OSt)0: Layka, Vishal. 49586, Learn Java for Web development /, 2014.
